Лучшие рецепты русской кухни (Запись № 1779943)

Подробности
000 -МАРКЕР
контрольное поле 01435nam0a2200361 4500
001 - ИДЕНТИФИКАТОР ЗАПИСИ
контрольное поле RU\NLR\bibl\1503016
005 - ИДЕНТИФИКАТОР ВЕРСИИ
контрольное поле 20260406105804.0
010 ## - МЕЖДУНАРОДНЫЙ СТАНДАРТНЫЙ НОМЕР КНИГИ (ISBN)
Номер (ISBN) 978-5-373-03066-3
Тираж 4500
021 ## - НОМЕР ГОСУДАРСТВЕННОЙ РЕГИСТРАЦИИ
Код страны Российская Федерация
Номер 2010-18318
Номер Листа государственной регистраци 1230
021 ## - НОМЕР ГОСУДАРСТВЕННОЙ РЕГИСТРАЦИИ
Код страны Российская Федерация
Номер 2012-31745
Номер Листа государственной регистраци 2356
035 ## - ДРУГИЕ СИСТЕМНЫЕ НОМЕРА
Идентификатор записи (nilc)RSL-KNO-004596196
035 ## - ДРУГИЕ СИСТЕМНЫЕ НОМЕРА
Идентификатор записи (NLR Aleph) 001494460
100 ## - ДАННЫЕ ОБЩЕЙ ОБРАБОТКИ
Данные общей обработки 20100312d2010 |||y0rusy50 ca
101 0# - ЯЗЫК РЕСУРСА
Язык текста, звукозаписи и т.д. русский
102 ## - СТРАНА ПУБЛИКАЦИИ ИЛИ ПРОИЗВОДСТВА
Страна публикации Российская Федерация
105 ## - ПОЛЕ КОДИРОВАННЫХ ДАННЫХ: ТЕКСТОВЫЕ МАТЕРИАЛЫ, МОНОГРАФИЧЕСКИЕ
Кодированные данные о монографическом текстовом документе y |||||||||
200 1# - ЗАГЛАВИЕ И СВЕДЕНИЯ ОБ ОТВЕТСТВЕННОСТИ
Основное заглавие Лучшие рецепты русской кухни
Первые сведения об ответственности [Е. А. Каминская, Ю. А. Матюхина]
210 ## - ПУБЛИКАЦИЯ, РАСПРОСТРАНЕНИЕ И ДР.
Место издания, распространения и т.д. Москва
Имя издателя, распространителя и т. д. ОЛМА Медиа Групп
Дата издания, распространения и т.д. 2010
215 ## - ФИЗИЧЕСКАЯ ХАРАКТЕРИСТИКА
Специфическое обозначение материала и объем 381, [2] с.
Размеры 15
225 1# - СЕРИЯ
Основное заглавие серии Проверено вкусом
606 1# - НАИМЕНОВАНИЕ ТЕМЫ КАК ПРЕДМЕТ
Наименование темы Русская кухня
Системный номер авторитетной/нормативной записи 2085292
Идентификатор авторитетной/нормативной записи RU\NLR\auth\661261407
610 0# - НЕКОНТРОЛИРУЕМЫЕ ПРЕДМЕТНЫЕ ТЕРМИНЫ
Предметный термин Пищевые производства -- Общественное питание. Кулинария -- Домашняя кулинария. Поваренные книги -- Русская кухня
686 ## - ИНДЕКСЫ ДРУГИХ КЛАССИФИКАЦИЙ
Индекс Л997(2Р),0
Код системы
686 ## - ИНДЕКСЫ ДРУГИХ КЛАССИФИКАЦИЙ
Индекс Л997(2)Русская
702 #1 - ИМЯ ЛИЦА - ВТОРИЧНАЯ ОТВЕТСТВЕННОСТЬ
Код отношения Составитель
Материалы, к которым относится поле rus
Графика поля Кириллица
Начальный элемент ввода Каминская
Часть имени, кроме начального элемента ввода Е. А.
Дополнения к именам, кроме дат популяризатор
Расширение инициалов личного имени Елена Анатольевна
Идентификатор авторитетной/нормативной записи RU\NLR\auth\77103371
Системный номер авторитетной/нормативной записи 86297
801 #0 - ИСТОЧНИК ЗАПИСИ
Страна Российская Федерация
Организация РГБ
Дата составления 20100312
Правила каталогизации rcr
801 #1 - ИСТОЧНИК ЗАПИСИ
Страна Российская Федерация
Организация РГБ
Дата составления 20100312
801 #2 - ИСТОЧНИК ЗАПИСИ
Страна Российская Федерация
Организация NLR
Дата составления 20100422
Правила каталогизации rcr
830 ## - ОБЩЕЕ ПРИМЕЧАНИЕ, СОСТАВЛЕННОЕ КАТАЛОГИЗАТОРОМ
Текст примечания по кн
942 ## - ДОПОЛНИТЕЛЬНЫЕ ЭЛЕМЕНТЫ ЗАПИСИ (АБИС)
Тип экземпляра АБИС Книга
980 ## - КОЛЛЕКЦИЯ
Название коллекции Национальная библиография
Экземпляры
Тип экземпляра Дата поступления Источник поступления Библиотека постоянного хранения Библиотека текущего хранения Место хранения Шифр хранения Штрих-код Статус экземпляра Стоимость
Книга 22.04.2010 Обязательный экземпляр РНБ (Московский) РНБ (Московский) Русский книжный фонд: издания с 1957 года 2010-1/304 3157095    
Книга 22.04.2010 Обязательный экземпляр РНБ (Московский) РНБ (Московский) Обменный фонд   3157098   50.00
Книга 21.05.2012 Обязательный экземпляр РНБ (Московский) РНБ (Московский) Обменный фонд   3658314    
Книга 21.05.2012 Обязательный экземпляр РНБ (Московский) РНБ (Московский) Обменный фонд   3658315